SACHITRA PADHARTH VIGYAN (Record no. 8689)
[ view plain ]
| 000 -LEADER | |
|---|---|
| fixed length control field | 00299nam a22001337a 4500 |
| 003 - CONTROL NUMBER IDENTIFIER | |
| control field | SGT |
| 082 ## - DEWEY DECIMAL CLASSIFICATION NUMBER | |
| Classification number | 615.538 |
| Item number | S16H |
| 100 ## - MAIN ENTRY--PERSONAL NAME | |
| Personal name | SHIVHARE,SHARMA |
| 245 ## - TITLE STATEMENT | |
| Title | SACHITRA PADHARTH VIGYAN |
| 260 ## - PUBLICATION, DISTRIBUTION, ETC. (IMPRINT) | |
| Place of publication, distribution, etc | VARANASI |
| Name of publisher, distributor, etc | CHAUKHAMBHA PUB |
| Year of Publication | 2016 |
| 300 ## - PAGE DESCRIPTION | |
| No. of Pages | 416 |
| 650 ## - SUBJECT ADDED ENTRY--TOPICAL TERM | |
| Topical term or geographic name as entry element | PADHARTH VIGYAN |
| 942 ## - ADDED ENTRY ELEMENTS (KOHA) | |
| Source of classification or shelving scheme | Dewey Decimal Classification |
| Koha item type | Books |
| 942 ## - ADDED ENTRY ELEMENTS (KOHA) | |
| -- | 4 |
| Withdrawn status | Lost status | Source of classification or shelving scheme | Damaged status | Not for loan | Collection code | Home library | Current library | Shelving location | Date acquired | Vendor Name | Cost, normal purchase price | SGTU | Bill Number | Full call number | Accession No. (Barcode) | Date last seen | Bill Date | Koha item type | Total Checkouts | Date last borrowed |
|---|---|---|---|---|---|---|---|---|---|---|---|---|---|---|---|---|---|---|---|---|
| Withdrawn | Dewey Decimal Classification | AYURVEDA | SGT FA-FP Library | SGT FA-FP Library | Text Book | 31/03/2016 | CHAUKHAMBHA | 260.00 | SGTU | 1079 | 615.538 S16H | FA4796 | 31/03/2016 | 10/02/2016 | Books | |||||
| Withdrawn | Dewey Decimal Classification | AYURVEDA | SGT FA-FP Library | SGT FA-FP Library | Text Book | 31/03/2016 | CHAUKHAMBHA | 260.00 | SGTU | 1079 | 615.538 S16H | FA4797 | 07/04/2016 | 10/02/2016 | Books | 1 | 07/04/2016 | |||
| Dewey Decimal Classification | AYURVEDA | SGT FA-FP Library | SGT FA-FP Library | Text Book | 31/03/2016 | CHAUKHAMBHA | 260.00 | SGTU | 1079 | 615.538 S16H | FA4798 | 26/08/2024 | 10/02/2016 | Books | 11 | 24/08/2024 | ||||
| Dewey Decimal Classification | AYURVEDA | SGT FA-FP Library | SGT FA-FP Library | Text Book | 31/03/2016 | CHAUKHAMBHA | 260.00 | SGTU | 1079 | 615.538 S16H | FA4799 | 22/02/2017 | 10/02/2016 | Books | 7 | 21/02/2017 | ||||
| Dewey Decimal Classification | AYURVEDA | SGT FA-FP Library | SGT FA-FP Library | Text Book | 31/03/2016 | CHAUKHAMBHA | 260.00 | SGTU | 1079 | 615.538 S16H | FA4800 | 24/09/2024 | 10/02/2016 | Books | 12 | 24/09/2024 |